000 00334 a2200157 4500
001 193053
020 _a978-85-08-11335-4
040 _cMagnum
100 _aJunqueira, Sonia
240 1 0 _aO macaco e a mola
_lpor
245 1 0 _aO macaco e a mola
300 _a24
362 0 _a2017
697 _aLITERATURA INFANTIL
942 _cBK
999 _c193053
_d193053